Hospice and palliative care : (Record no. 4540)

000 -LEADER
fixed length control field 00927cam a2200325 a 4500
001 - CONTROL NUMBER
control field 801411
003 - CONTROL NUMBER IDENTIFIER
control field CaAEU
005 - DATE AND TIME OF LATEST TRANSACTION
control field 20220324092050.0
008 - FIXED-LENGTH DATA ELEMENTS--GENERAL INFORMATION
fixed length control field 920226s1990 enk b 1 0 eng d
015 ## - NATIONAL BIBLIOGRAPHY NUMBER
National bibliography number B9042603
015 ## - NATIONAL BIBLIOGRAPHY NUMBER
National bibliography number B9042603
020 ## - INTERNATIONAL STANDARD BOOK NUMBER
International Standard Book Number 0340544627 (pbk)
035 ## - SYSTEM CONTROL NUMBER
System control number ocn420633887
040 ## - CATALOGING SOURCE
Original cataloging agency Uk
Language of cataloging eng
Transcribing agency Uk
Modifying agency CaOONL
049 ## - LOCAL HOLDINGS (OCLC)
Holding library AEU
050 #4 - LIBRARY OF CONGRESS CALL NUMBER
Classification number R726
Item number .H66 1990
080 ## - UNIVERSAL DECIMAL CLASSIFICATION NUMBER
Universal Decimal Classification number 616-083
082 0# - DEWEY DECIMAL CLASSIFICATION NUMBER
Classification number 362.175
Edition number 20
090 0# - LOCALLY ASSIGNED LC-TYPE CALL NUMBER (OCLC); LOCAL CALL NUMBER (RLIN)
Classification number (OCLC) (R) ; Classification number, CALL (RLIN) (NR) R 726.8 H8213 1990
245 00 - TITLE STATEMENT
Title Hospice and palliative care :
Remainder of title an interdisciplinary approach /
Statement of responsibility, etc. edited by Dame Cicely Saunders.
260 ## - PUBLICATION, DISTRIBUTION, ETC.
Place of publication, distribution, etc. London :
Name of publisher, distributor, etc. E. Arnold,
Date of publication, distribution, etc. 1990.
300 ## - PHYSICAL DESCRIPTION
Extent viii, 120 p. ;
Dimensions 22 cm.
336 ## - CONTENT TYPE
Content type term text
Content type code txt
Source rdacontent
337 ## - MEDIA TYPE
Media type term unmediated
Media type code n
Source rdamedia
338 ## - CARRIER TYPE
Carrier type term volume
Carrier type code nc
Source rdacarrier
504 ## - BIBLIOGRAPHY, ETC. NOTE
Bibliography, etc. note Includes bibliographical references.
650 #0 - SUBJECT ADDED ENTRY--TOPICAL TERM
Topical term or geographic name entry element Terminal care.
700 1# - ADDED ENTRY--PERSONAL NAME
Personal name Saunders, Cicely M.,
Titles and other words associated with a name Dame.
942 ## - ADDED ENTRY ELEMENTS (KOHA)
Source of classification or shelving scheme
Koha item type Book
Suppress in OPAC DO
Holdings
Withdrawn status Lost status Source of classification or shelving scheme Damaged status Not for loan Permanent Location Current Location Shelving location Date acquired Source of acquisition Total Checkouts Full call number Barcode Date last seen Price effective from Koha item type Public note
          AU LIBRARY AU LIBRARY Open Shelf 24.03.2022 DONATION FROM MOI UNIVERSITY   R726 .H66 1990 28006593 24.03.2022 24.03.2022 Book DO

Powered by Koha